| 000 | 00505nam a2200181Ia 4500 | ||
|---|---|---|---|
| 008 | 220531s9999 xx 000 0 und d | ||
| 041 | _aeng | ||
| 082 |
_a- _bIND / KHE |
||
| 100 |
_aKhedkar, B. D. and Others _974242 |
||
| 245 | _aIndustrial Economic Environment (Sem.-IV) | ||
| 250 | _a1ST | ||
| 260 |
_aPune _bSuccess _c2014 |
||
| 300 | _a6.36 | ||
| 542 | _d09-10-2018 | ||
| 650 |
_aIndustrial Economic _974243 |
||
| 906 |
_cM.Com-II _d2018-2019 _eElantas Beck co. _f15427 |
||
| 999 |
_c41350 _d41350 |
||